| 000 | 01481nac a22002771u 4500 | ||
|---|---|---|---|
| 010 | _a 2005004184 | ||
| 020 | _a9780470090084 | ||
| 020 | _a0470090081 (pbk. : alk. paper) | ||
| 082 | 0 | 0 |
_a332.1 _bMAT |
| 090 |
_c7325 _d7325 |
||
| 100 | _aMatthews, Kent. | ||
| 245 | 1 | 4 |
_aThe economics of banking / _cKent Matthews, John Thompson. |
| 260 |
_aChichester, West Sussex, England : _bJ. Wiley,2005 _cc2005. |
||
| 300 |
_ax, 246 p. : _bill. ; _c25 cm. |
||
| 500 | _adistributer: Al-Ahram | ||
| 504 | _aIncludes bibliographical references (p. [225]-231) and index. | ||
| 505 | 0 | _aTrends in domestic and international banking -- Financial intermediation : the impact of the capital market -- Banks and financial intermediation -- Retail and wholesale banking -- International banking -- The theory of the banking firm -- Models of banking behaviour -- Credit rationing -- Securitization -- The structure of banking -- Risk management -- Macroeconomics of banking. | |
| 511 | _acatalogued by: wessam | ||
| 650 | 0 | _aBanks and banking. | |
| 650 | 0 | _aMicroeconomics. | |
| 700 | 1 | _aThompson, John L. | |
| 856 | 4 | 1 |
_3Table of contents only _uhttp://www.loc.gov/catdir/toc/ecip057/2005004184.html |
| 856 | 4 | 1 |
_3Contributor biographical information _uhttp://www.loc.gov/catdir/enhancements/fy0621/2005004184-b.html |
| 856 | 4 | 1 |
_3Publisher description _uhttp://www.loc.gov/catdir/enhancements/fy0621/2005004184-d.html |
| 942 |
_cBB _k332.1MAT |
||
| 999 |
_c7325 _d7325 |
||